Drugs on the college campus (Record no. 1449661)

MARC details
000 -LEADER
fixed length control field 00608nam a2200205Ia 4500
005 - DATE AND TIME OF LATEST TRANSACTION
control field 20250923145310.0
008 - FIXED-LENGTH DATA ELEMENTS--GENERAL INFORMATION
fixed length control field 008 250917s9999 xx 000 0 eng d
037 ## - SOURCE OF ACQUISITION
Stock number Textual
040 ## - CATALOGING SOURCE
Original cataloging agency DSWL
Language of cataloging eng
Transcribing agency DSWL
041 ## - LANGUAGE CODE
Language code of text/sound track or separate title eng
Source of code eng
084 ## - COLON CLASSIFICATION NUMBER
Classification number Y:414.231'N71t4, N74
Assigning agency DSWL
245 #0 - TITLE STATEMENT
Title Drugs on the college campus
Statement of responsibility, etc. Ed.by S.Citnis
260 ## - PUBLICATION, DISTRIBUTION, ETC.
Place of publication, distribution, etc. Bombay
Name of publisher, distributor, etc. Tata Institute of Social Science
Date of publication, distribution, etc. 1974
300 ## - PHYSICAL DESCRIPTION
Extent xiii,68 p.
365 ## - TRADE PRICE
Price type code INR
Price amount 7 . 50
700 ## - ADDED ENTRY--PERSONAL NAME
Personal name N. Fazalbhoy
9 (RLIN) 833830
925 ## -
-- 7 . 50
942 ## - ADDED ENTRY ELEMENTS (KOHA)
Koha item type Textual
Classification part Y:414.231'N71t4, N74
Holdings
Withdrawn status Lost status Damaged status Not for loan Home library Current library Date acquired Source of acquisition Inventory number Total Checkouts Full call number Barcode Date last seen Price effective from Koha item type
        Department of Social Work Library Department of Social Work Library 2025-09-23 Tata Institute of Social Sciences 1380 25/11/1974   Y:414.231'N71t4, N74 SW0016865 2025-09-23 2025-09-23 Textual
Copyright @ Delhi University Library System